| 000 | 06575namaa22004331i 4500 | ||
|---|---|---|---|
| 003 | EG-GICUC | ||
| 005 | 20260504162454.0 | ||
| 008 | 260504s2025 ua a|||frm||| 000 0 eng d | ||
| 040 |
_aEG-GICUC _beng _cEG-GICUC _dEG-GICUC _erda |
||
| 041 | 0 |
_aeng _beng _bara |
|
| 049 | _aDeposit | ||
| 082 | 0 | 4 | _a617.645 |
| 092 |
_a617.645 _221 |
||
| 097 | _aM.Sc | ||
| 099 | _aCai01.09.07.M.Sc.2025.Am.E | ||
| 100 | 0 |
_aAmany Hossam El Deen Ibrahim, _epreparation. |
|
| 245 | 1 | 0 |
_aEvaluation of bacterial count of a novel cinnamon extract irrigant versus sodium hypochl orite irrigant following pulpectomy of primary teeth : _ba randomized clinical trial / _cby Amany Hossam El Deen Ibrahim ; Supervisors Prof. Dr. Nevine Waly, Dr. Yousra Mohamed. |
| 246 | 1 | 5 |
_aفاعلية مستخلص القرفة مقابل هيبوكلوريت الصوديوم كغسول لقنوات جذور للاسنان الاولية المنزوعة العصب لتقيم عدد البكتيريا : _bتجربة سريرية عشوائية |
| 264 | 0 | _c2025. | |
| 300 |
_a90 pages : _billustrations ; _c25 cm. + _eCD. |
||
| 336 |
_atext _2rda content |
||
| 337 |
_aUnmediated _2rdamedia |
||
| 338 |
_avolume _2rdacarrier |
||
| 502 | _a Thesis (M.Sc)-Cairo University, 2025. | ||
| 504 | _aBibliography: pages 82-88. | ||
| 520 | 3 | _aAim: This study aimed to evaluate and compare the bacterial count potential of cinnamon extract irrigant compared to sodium hypochlorite irrigant following pulpectomy of primary teeth. Methodology: The sample size included 38 children with non-vital primary teeth indicated for pulpectomy, selected from the Outpatient clinic of Pediatric Dentistry Department, Faculty of Dentistry, Cairo University. Children′s teeth were divided into two equal groups (19 each): Group A: In the intervention group, root canals were irrigated using 5 % Cinnamon Extract. Group B: In the control group, root canals of this group were irrigated with a 1:5 ratio of Sodium hypochlorite. Bacterial count was measured by colony-forming units (CFUs). Bacterial counts were measured for samples from both groups at baseline and after irrigation. Results: Group I and Group II showed no statistically significant difference between the cinnamon and sodium hypochlorite. Examining both aerobic and anaerobic bacteria before and after an intervention by using Mann-Whitney’s test, which demonstrated no significant differences between the groups (p > 0.05 for all comparisons). This suggests that the intervention had similar effects on bacterial reduction in both groups. Conclusion: This study highlights the potential of 5% cinnamon extract as a natural and effective alternative to sodium hypochlorite in pulpectomy procedures. With its powerful antibacterial properties, biocompatibility, and reduced risk of adverse effects, cinnamon extract offers a safer and more holistic approach to managing infections in primary teeth with its natural origin, safety profile, and bioactive components such as cinnamaldehyde, presents itself as a promising alternative irrigant, particularly in pediatric dentistry and resource-constrained settings.In an era where patient safety, sustainability, and the integration of natural remedies are paramount, cinnamon extract stands out as a promising candidate to revolutionize pediatric endodontics. While the results are encouraging, further large-scale clinical trials and long-term evaluations are essential to validate its application and establish standardized protocols.By embracing nature’s solutions, dentistry can move toward more patient-friendly and environmentally conscious practices, making cinnamon extract not just a treatment option but a step toward redefining modern dental care for children. | |
| 520 | 3 | _aهدفت هذه الدراسة إلى تقييم ومقارنة كفاءة تقليل البكتيريا بين مستخلص القرفة وهيبوكلوريت الصوديوم كمواد ريّ للقنوات الجذرية بعد استئصال العصب من الأسنان الأولية. ونظرًا للاهتمام المتزايد باستخدام البدائل الطبيعية في تعقيم القنوات الجذرية، تم تقييم مستخلص القرفة كعامل ريّ حيوي متوافق يتمتع بخصائص مضادة للبكتيريا ومسكنة للألم. تم اختيار اطفالًا يعانون من أسنان أولية غير حيوية . تم توزيع المشاركين عشوائيًا إلى مجموعتين متساويتي أظهرت نتائج الدراسة عدم وجود فرق إحصائي معنوي في تقليل البكتيريا بين مستخلص القرفة وهيبوكلوريت الصوديوم تشير هذه النتائج إلى أن مستخلص القرفة يمتلك خصائص قوية مضادة للبكتيريا في علاج استئصال العصب عند الأطفال. وتدعم النتائج إمكانية استخدام مستخلص القرفة كبديل طبيعي فعال عن هيبوكلوريت الصوديوم، خاصة في مجال علاج جذور الأسنان عند الأطفال، حيث يعد التوافق الحيوي وراحة المريض من العوامل الأساسية. حظي مستخلص القرفة باهتمام متزايد في مجال طب الأسنان نظرًا لخصائصه المضادة للميكروبات، والمضادة للفطريات، والمضادة للالتهابات، والمسكنة، والمطهرة. وعلى الرغم من النتائج الواعدة لهذه الدراسة، هناك حاجة إلى إجراء تجارب سريرية واسعة النطاق وتقييمات طويلة الأمد للتحقق من فعاليته السريرية ووضع بروتوكولات معيارية لاستخدامه كمحلول ريّ في علاج جذور الأسنان عند الأطفال . | |
| 530 | _aIssues also as CD. | ||
| 546 | _aText in English and abstract in Arabic & English. | ||
| 650 | 0 | _aPediatric Dentistry | |
| 650 | 0 | _aطب اسنان الاطفال | |
| 653 | 1 |
_aAntibacterial properties _aIrrigation _aPrimary teeth |
|
| 700 | 0 |
_aNevine Waly _ethesis advisor. |
|
| 700 | 0 |
_aYousra Mohamed _ethesis advisor. |
|
| 900 |
_b01-01-2025 _cNevine Waly _cYousra Mohamed _dRania Nasr _dMohamed Abo El Yazed _UCairo University _FFaculty of Dentistry _DDepartment of Pediatric Dentistry |
||
| 905 | _aShimaa | ||
| 942 |
_2ddc _cTH _e21 _n0 |
||
| 999 | _c179972 | ||